Historia General de la Filosofía : filosofía antigua, filosofía griega
保存先:
| 第一著者: | |
|---|---|
| フォーマット: | 図書 |
| 言語: | Undetermined |
| 出版事項: |
Madrid, España
Bruno del Amo
[s.f.]
|
| 版: | Primera edición |
| 主題: | |
| タグ: |
タグ追加
タグなし, このレコードへの初めてのタグを付けませんか!
|
MARC
| LEADER | 00000nam a2200000Ia 4500 | ||
|---|---|---|---|
| 008 | 170316s9999 xx 000 0 und d | ||
| 040 | |a cru BVZT | ||
| 090 | |a H-100 F-2h | ||
| 100 | |a Fouillée, Alfredo |9 2365 | ||
| 245 | |a Historia General de la Filosofía : filosofía antigua, filosofía griega |c / Alfredo Fouillée | ||
| 250 | |a Primera edición | ||
| 260 | |a Madrid, España | ||
| 260 | |b Bruno del Amo | ||
| 260 | |c [s.f.] | ||
| 300 | |a 269 páginas | ||
| 650 | |a FILOSOFÍA |9 5 | ||
| 650 | |a HISTORIA |a FILOSOFÍA ANTIGUA |a FILOSOFÍA GRIEGA |9 2366 | ||
| 942 | |c 15 D |h H-100 F-2h |2 z |6 H100_F2H | ||
| 999 | |c 28908 |d 28908 | ||
